003340000a22001090004500090001700000245003400017041001400051100002600065942001300091773010300104999001700207 aASbSeriadas10aTemprana historia de la Quina0 aEspañol1 aFosberg, F. R.999778 cARTICULO1 tRevista de la Academia Colombiana de Ciencias Exactas, Físicas y Naturalesh30q273-274d1951g8 c15499d15499